| 000 | 00990nam a2200277 i 4500 | ||
|---|---|---|---|
| 003 | DO-SdBNP | ||
| 005 | 20230515155548.0 | ||
| 007 | ta | ||
| 008 | 221209e1988 dr ||||gr|||| 001 e spa d | ||
| 040 |
_aDO-SdBNP _bspa _cBNPHU _erda |
||
| 082 | 4 |
_a956.94 _bF825i _222 |
|
| 100 | 1 |
_aFranco, Franklin J., _d1936- |
|
| 245 | 1 | 0 |
_aIsrael y Palestina : _bpasado, presente y futuro / _cFranklin Franco Pichardo. |
| 264 |
_aSanto Domingo : _bNacional, _c1988. |
||
| 300 |
_a53 páginas : _bilustraciones y retratos ; _c21 cm. |
||
| 336 |
_2rdacontent _atexto _btxt |
||
| 337 |
_2rdamedia _asin mediación _bn |
||
| 338 |
_2rdacarrier _avolumen _bnc |
||
| 590 | _aInventariado, 2023/BT | ||
| 650 | 4 |
_aRelaciones árabe-israelíes _xHistoria _934437 |
|
| 650 | 4 |
_aConflictos fronterizos Árabe-Israelíes _934438 |
|
| 650 | 4 |
_aConflictos fronterizos árabe-israelís _934439 _xCronología |
|
| 650 | 4 |
_aJudios _xHistoria _97449 |
|
| 910 | _aMFeliz/Validado. Control de calidad MFF | ||
| 942 |
_2ddc _cLBS1 |
||
| 999 |
_c53101 _d53101 |
||